000 00709nam a2200241 i 4500
001 bg
100 1 _aZiółkowska, Wiesława.
245 1 0 _aFinanse publiczne :
_bteoria i zastosowanie /
_cWiesława Ziółkowska.
260 _aPoznań :
_bWydawnictwo Wyższej Szkoły Bankowej,
_c2000.
300 _a291 s. :
_bil. ;
_c24 cm.
504 _aBibliogr., wykaz aktów prawnych.
650 9 _aFinanse publiczne
650 9 _aFinanse publiczne
_zPolska
_yod 1989 r.
655 _aPodręczniki akademickie
020 _a8388048236
040 _cBPK
041 0 _apol
080 _a336.1(438)
080 _a(075.8)
920 _a83-88048-23-6
942 _cKS
008 s pl f |000 0 pol
999 _c53568
_d53568
856 _uhttp://koha.tu.koszalin.pl/cgi-bin/koha/opac-detail.pl?biblionumber=53568
_yKatalog online BPK